Sports Quiz

Random Sports or Basketball Quiz

ABA/NBA - San Antonio Spurs All-Stars Quiz Stats

 Plays Quiz not verified by Sporcle

Score 0/63 Timer 05:00
0 Plays Today
Year Player % Correct
1998Tim Duncan
99.4%
2000Tim Duncan
99.4%
2001Tim Duncan
99.4%
2002Tim Duncan
99.4%
2003Tim Duncan
99.4%
2004Tim Duncan
99.4%
2005Tim Duncan
99.4%
2006Tim Duncan
99.4%
2007Tim Duncan
99.4%
2008Tim Duncan
99.4%
2009Tim Duncan
99.4%
2010Tim Duncan
99.4%
1990David Robinson
98.2%
1991David Robinson
98.2%
1992David Robinson
98.2%
1993David Robinson
98.2%
1994David Robinson
98.2%
1995David Robinson
98.2%
1996David Robinson
98.2%
1998David Robinson
98.2%
2000David Robinson
98.2%
2001David Robinson
98.2%
2006Tony Parker
97.9%
2007Tony Parker
97.9%
2009Tony Parker
97.9%
2005Manu Ginobili
91.8%
1975George Gervin
88.6%
1976George Gervin
88.6%
1977George Gervin
88.6%
1978George Gervin
88.6%
1979George Gervin
88.6%
1980George Gervin
88.6%
Year Player % Correct
1981George Gervin
88.6%
1982George Gervin
88.6%
1983George Gervin
88.6%
1984George Gervin
88.6%
1985George Gervin
88.6%
1993Sean Elliott
55.1%
1996Sean Elliott
55.1%
1986Alvin Robertson
36.5%
1987Alvin Robertson
36.5%
1988Alvin Robertson
36.5%
1983Artis Gilmore
35.9%
1986Artis Gilmore
35.9%
1972Steve 'Snapper' Jones
26.8%
1973Rich Jones
26.8%
1974Rich Jones
26.8%
1975James Silas
20.1%
1976James Silas
20.1%
1976Larry Kenon
19.7%
1978Larry Kenon
19.7%
1979Larry Kenon
19.7%
1976Billy Paultz
14.9%
1974Swen Nater
7.8%
1975Swen Nater
7.8%
1971Donnie Freeman
4.6%
1972Donnie Freeman
4.6%
1968John Beasley
4.3%
1969John Beasley
4.3%
1970John Beasley
4.3%
1968Cliff Hagan
3.9%
1970Cincinnatus Powell
3%
1970Glen Combs
2.6%

You're not logged in!

Compare scores with friends on all Sporcle quizzes.
OR
Log In

Show Comments

Extras

Top Quizzes Today


Score Distribution

Your Account Isn't Verified!

In order to create a playlist on Sporcle, you need to verify the email address you used during registration. Go to your Sporcle Settings to finish the process.

Report this User

Report this user for behavior that violates our Community Guidelines.

Details: